Ekonomi-işletme sözlüğü : (Record no. 9120)
| 000 -BAŞLIK | |
|---|---|
| Sabit Uzunluktaki Kontrol Alanı | 01428nam a22003977a 4500 |
| 001 - KONTROL NUMARASI | |
| Control Dosyası | 0009148 |
| 003 - KONTROL NUMARASI KİMLİĞİ | |
| Kontrol Alanı | KOHA_MİRAKIL |
| 005 - EN SON İŞLEM TARİHİ ve ZAMANI | |
| Kontrol Alanı | 20260207001700.0 |
| 007 - FİZİKSEL TANIM SABİT ALAN - GENEL BİLGİ | |
| Sabit uzunluklu kontrol alanı | ta |
| 008 - SABİT UZUNLUKTAKİ VERİ ÖGELERİ - GENEL BİLGİ | |
| Sabit Alan | 091120b2008 tu |||grd|||#0|||0|tur | |
| 020 ## - ISBN - ULUSLARARASI STANDART KİTAP NUMARASI | |
| Isbn | 9789750206047 |
| Kullanılabilirlik koşulları | 17,55 |
| 040 ## - KATALOGLAMA KAYNAĞI | |
| Özgün Kataloglama Kurumu | TR-BiSEU |
| Kataloglama Dili | tur |
| Çeviri Kurumu | TR-BiSEU |
| Açıklama Kuralları | rda |
| 041 0# - DİL KODU | |
| Metin ya da ses kaydının dil kodu | tur |
| 044 ## - YAYINLAYAN/ÜRETEN KURULUŞUN ÜLKE KODU | |
| ISO country code | tu |
| 050 ## - SINIFLAMA ve YER NUMARASI | |
| Sınıflama Numarası | HB61 |
| Yer Numarası | .E36 2008 |
| 245 0# - ESER ADI BİLDİRİMİ | |
| Başlık | Ekonomi-işletme sözlüğü : |
| Alt Eseradı vb. | İngilizce-Türkçe, Türkçe-İngilizce/ |
| Sorumluluk Bildirimi | hazırlayanlar Nur Keyder, Alaeddin Tileylioğlu, ve Adil Oran. |
| 264 #1 - ÜRERİM, YAYIN, DAĞITIM ve TELİF BİLDİRİMİ | |
| Yayın yeri | Ankara : |
| Yayınlayan | Seçkin Yayıncılık |
| Yayın tarihi | 2008 |
| 300 ## - FİZİKSEL TANIMLAMA | |
| Sayfa, Cilt vb. | 330 sayfa |
| 336 ## - İÇERİK TÜRÜ | |
| Content type term | metin |
| Content type code | txt |
| Source | rdacontent |
| 337 ## - MEDYA TÜRÜ | |
| Media type term | aracısız |
| Media type code | n |
| Source | rdamedia |
| 338 ## - TAŞIYICI TÜRÜ | |
| Carrier type term | cilt |
| Carrier type code | nc |
| Source | rdacarrier |
| 490 1# - DİZİ BİLDİRİMİ | |
| Dizi Bildirimi | Sözlük Dizisi ; |
| Cilt Numarası | 4. |
| 500 ## - GENEL NOT | |
| Genel Not | Kapak adı : İngilizce-Türkçe Türkçe-İngilizce ekonomi işletme sözlüğü : finans, muhasebe, para, banka. |
| 500 ## - GENEL NOT | |
| Genel Not | Kitap -- Sözlük. |
| 650 #0 - KONU BAŞLIĞI EK GİRİŞ - KONU TERİMİ | |
| Konusal terim veya coğrafi ad | Ekonomi--Sözlükler. |
| 9 (RLIN) | 3453 |
| 650 #0 - KONU BAŞLIĞI EK GİRİŞ - KONU TERİMİ | |
| Konusal terim veya coğrafi ad | Economics--Dictionaries. |
| 9 (RLIN) | 18071 |
| 650 #0 - KONU BAŞLIĞI EK GİRİŞ - KONU TERİMİ | |
| Konusal terim veya coğrafi ad | Business--Dictionaries. |
| 9 (RLIN) | 4594 |
| 650 #0 - KONU BAŞLIĞI EK GİRİŞ - KONU TERİMİ | |
| Konusal terim veya coğrafi ad | İşletme--Sözlükler. |
| 9 (RLIN) | 3685 |
| 650 #0 - KONU BAŞLIĞI EK GİRİŞ - KONU TERİMİ | |
| Konusal terim veya coğrafi ad | Turkish language--Dictionaries--English. |
| 9 (RLIN) | 3196 |
| 650 #0 - KONU BAŞLIĞI EK GİRİŞ - KONU TERİMİ | |
| Konusal terim veya coğrafi ad | Türk dili--Sözlükler--İngilizce. |
| 9 (RLIN) | 1708 |
| 650 #0 - KONU BAŞLIĞI EK GİRİŞ - KONU TERİMİ | |
| Konusal terim veya coğrafi ad | English language--Dictionaries--Turkish. |
| 9 (RLIN) | 3195 |
| 650 #0 - KONU BAŞLIĞI EK GİRİŞ - KONU TERİMİ | |
| Konusal terim veya coğrafi ad | İngiliz dili--Sözlükler--Türkçe. |
| 9 (RLIN) | 3194 |
| 830 1# - SERİ EK GİRİŞİ - TEKBİÇİM ESER ADI | |
| Tekbiçim Başlık | Sözlük Dizisi ; |
| Volume number/sequential designation | 4. |
| 9 (RLIN) | 22781 |
| 907 ## - LOCAL DATA ELEMENT G, LDG (RLIN) | |
| a | Sözlük |
| 942 ## - EK GİRİŞ ÖGELERİ (KOHA) | |
| Source of classification or shelving scheme | Library of Congress Classification |
| Koha item type | Book |
| Materyal Türü | Kalıcı Konum | Mevcut Konum | Raf Yeri | Koleksiyon Kodu | Sınıflandırma Kaynağı | Edinim Bilgisi | Ana Konular | Alt Konular | Yer Numarası | Demirbaş Numarası | Fatura Tarihi | Maliyet, Alış Fiyatı | Maliyet, Yenileme Fiyatı | Geri Çekilme Durumu | Kayıp Durumu | Hasarlı Durumu | Kredi için değil | Kayıt Tarih | Toplam Ödünçverme | Son Görülme Tarihi | Son Kontrol Tarihi |
|---|---|---|---|---|---|---|---|---|---|---|---|---|---|---|---|---|---|---|---|---|---|
| Danışma Kaynakları | Prof. Dr. Azmi Özcan Kütüphanesi | Prof. Dr. Azmi Özcan Kütüphanesi | Uluğbey Salonu | Referans | Library of Congress Classification | Satın | SOSYAL BİLİMLER | Ekonomi Teorisi, Demografi | HB61 .E36 2008 | 0009148 | 20/11/2009 | 18.95 | 18.95 | Ödünç verilmez | 20/11/2009 | 05/12/2024 | 05/12/2024 |
